Horacio y el profesor. [Selección de las tiras aparecidas en la revista Siglo XXI de El Mercurio de Santiago.]
保存先:
| 第一著者: | |
|---|---|
| フォーマット: | 図書 |
| 出版事項: |
Chile:
Visual Ediciones; Ergo Comics,
1997.
|
| 版: | Primera edición. |
| 主題: | |
| タグ: |
タグ追加
タグなし, このレコードへの初めてのタグを付けませんか!
|
MARC
| LEADER | 00000nam a22000007a 4500 | ||
|---|---|---|---|
| 003 | CL-VaPUC | ||
| 005 | 20250321101928.0 | ||
| 008 | 250121t1997 ||||| |||| 00| 0 eng d | ||
| 999 | |c 446701 |d 446699 | ||
| 040 | |c Pontificia Universidad Católica de Valparaíso | ||
| 082 | |a 741.5 MAR 1997 | ||
| 100 | |9 895662 |a Martínez C., Gonzalo |e autor | ||
| 245 | |a Horacio y el profesor. |b [Selección de las tiras aparecidas en la revista Siglo XXI de El Mercurio de Santiago.] | ||
| 250 | |a Primera edición. | ||
| 260 | |a Chile: |b Visual Ediciones; |b Ergo Comics, |c 1997. | ||
| 300 | |a 59 páginas: |b ilustraciones. | ||
| 500 | |a c.1. Instituto Arcos.08-01-2025. | ||
| 583 | |c 20250121 |k Gabriela Rodríguez Cuevas | ||
| 650 | 0 | |9 369534 |a Cómics |z Chile | |
| 650 | 0 | |9 536655 |a Humor gráfico |z Chile | |
| 942 | |2 ddc |c BK |n 0 | ||
| 952 | |0 0 |1 0 |2 ddc |4 0 |6 741_500000000000000_MAR_1997 |7 0 |9 599634 |a BIBINC |b BIBINC |c GEN |d 2025-01-21 |e Instituto Arcos |i 5664417 |o 741.5 MAR 1997 |p 5664417 |r 2025-01-21 |t 1 |w 2025-01-21 |y BK |k IFP | ||